000 00499nam a2200157Ia 4500
999 _c26979
_d26979
041 _aEnglish
082 _aRP.0313
100 _aPrasad, B. Devi
_uCentre for Equity and justice for Children
245 0 _aAssessment of implementation of PESA in schedule V Areas :
_bA study of six States /
_cB. Devi Prasad
260 _aNew Delhi :
_bIndian Council of Social Science Research,
300 _a245p.
650 _aLocal Government
650 _aPanchayat
650 _aPESA Act
942 _2ddc
_cRP